00443nam a2200157Ia 4500999001700000003000400017005001700021008004100038040000900079082002200088100002300110245005100133260004200184300000900226942005000235 c20199d20199OSt20200602120903.0190216s9999||||xx |||||||||||||| ||und|| coclc a338.109545bSIN/A aSingh, Hari 92487 0aAgrarian Scene In British Punjab /cHari Singh bPeoples Pub.House,c1983.aNew Delhi: a131p cBK2ddch338.109545iSIN/Ak338.109545mSIN/A